| 000 | 00363nam a2200145Ia 4500 | ||
|---|---|---|---|
| 008 | 230917s9999||||xx |||||||||||||| ||und|| | ||
| 040 |
_e50325 _aMAIN |
||
| 041 | _aEnglish | ||
| 082 | _a822.09 D655R | ||
| 100 | _aDobree, Bonamy | ||
| 245 | 0 | _aRestoration comedy: 1660- 1720 | |
| 260 |
_aOxford _bOxford University Press _c1962 |
||
| 300 | _a182 p. | ||
| 942 | _cBK | ||
| 999 |
_c96779 _d96779 |
||